| 000 | 01014nam a2200241 4500 | ||
|---|---|---|---|
| 001 | 39686 | ||
| 003 | BD-RjUL | ||
| 005 | 20211209053036.0 | ||
| 008 | 160416s2016 bg a||| ||| 00| 0 ben d | ||
| 020 |
_a9789849120391 _c: Tk. 300.00 |
||
| 035 | _a(BD-RjUL)39799 | ||
| 040 |
_aBD-RjUL _bben _cBD-RjUL |
||
| 041 | _aben | ||
| 082 |
_223 _bTUA 2016 _a320.12 |
||
| 100 |
_aতুরিন, গেইল _9122240 |
||
| 245 | 1 | 0 |
_aআতঙ্কের দেয়াল : _bবাংলাদেশ-ভারত সীমান্ত / _cগেইল তুরিন, অনুবাদ :অসিত রায় |
| 260 |
_aঢাকা : _bপ্রথমা প্রকাশন, _c২০১৬ |
||
| 300 |
_a[১০], ৮০ পৃ. : _bচিত্র ; _c৭ সেমি. |
||
| 650 |
_aGeo - politics _zBangladesh _zIndia _9122258 |
||
| 650 |
_aভূ-রাজনীতি _zবাংলাদেশ _zভারত _9122259 |
||
| 700 |
_aঅনুবাদ : রায়, অসিত _9122241 |
||
| 942 |
_2ddc _cBK |
||
| 999 |
_c39686 _d39686 |
||